000 00954nac a22002417a 4500
001 BR8404741
003 BR-BrBNA
005 20240105120206.0
008 230509b bl.|||m| |||| 00| 0 por d
040 _aBR-BrBNA
_bpor
_cBiblioteca Nacional de Agricultura
072 _aE72; L01
090 _aE72 BR8404741
110 1 _aAssociacao Brasileira de Criadores de Bovinos da Raca Holandesa, Brasilia, DF (Brasil)
_9240
245 1 _aRelatorio anual. Balanco patrimonial, exercicio 1983, demonstrativo de conta lucros e perdas, notas explicativas, relatorio administrativo, relatorio tecnico, estatistica
260 3 _aBrasilia, DF (Brasil):
_c1984.
300 _a15 p.
490 _aRelatorio - Associacao Brasileira de Criadores de Bovinos da Raca Holandesa (Brazil)
_v
_x
650 _aBALANÇA COMERCIAL
650 _aCONTABILIDADE
650 _aREGISTRO GENEALOGICO
909 _a202312
_bLúcia Elande
_c55
_dLúcia Elande
942 _2AGRIS
_n0
_cMS
999 _c278283
_d278283